00358nam a2200121Ia 4500008004000000020001800040082001800058100001900076245002300095260003600118300001200154650007000166210210b1997 xxu||||| |||| 00| 0 eng d a81 7024 863 9 a346.0134 KANW aKANT (Anjani). aWomen and the law. aNew DelhibNot Mentionedc1997 axxi,375 aStatus Women Position Constitution Indian Marital Rights Property